000 01075nam a22002897a 4500
001 9824
003 FISKH
005 20260302163102.0
008 260302b cb ||||| |||| 00| 0 eng d
020 _a9781848109056
040 _aFISKH
_beng
_cFISKH
_dFISKH
082 _a520
100 _aBecklake , Sue
245 _aSpot 50 space /
_cby Sue Becklake
250 _aFirst published in 2012
260 _aEssex , UK :
_bMiles Kelly ,
_c2012.
300 _a56 pages :
_bcolor illustrations ;
_c25 cm .
505 _aR
520 _aThese fantastic spotter's guides have 50 entries per book, divided into clear sections. Each entry is illustrated and accompanied by detailed labels, key information and a fact file. Clear, descriptive labels throughout Photographs or highly realistic illustrations make identification easy
521 8 _a720
_bLexile
521 8 _aR
_bRaz-Plus
650 _aWeather
_vNon-fiction
650 _aEarth
_vNon-fiction
700 _aGallagher , Belinda
_ePublishing Director
942 _2ddc
_cBK
_n0
999 _c9824
_d9824